Statistics for Mario Kart Wii - Vehicles that have held WRs

Click here to take the quiz!

General Stats

  • This quiz has been taken 35 times
  • The average score is 8 of 14

Answer Stats

Answer% Correct
Best VehicleFlame Runner
100%
MiddleweightMach Bike
88%
KamekMagikruiser
81%
Fast inside drift bikeSpear
81%
PogQuacker
69%
It's blueBlue Falcon
62%
WR on GCN Waluigi StadiumBullet Bike
58%
Outside drift QuackerNano Bike
54%
Middleweight spearNitrocycle
54%
Rainbow Road No-Sc WRFlame Flyer
50%
AnimalDolphin Dasher
46%
SHy Guy BeachRapide
31%
StyleWild Wing
23%
:)Bon Bon
8%

Score Distribution

Percentile by Number Answered

Percent of People with Each Score

Your Score History

You have not taken this quiz